000 00438cam a2200181ua 4500
020 _c14.00
041 _aeng
_h
082 _a338.9
_bMAH/TA
100 _aMahalanobis, P C .
245 _aTalks on planning /
_cP C Mahalanobis.
_hTextual Documents
250 _a1 /
_b.
260 _a :
_bStatistical publishing society ,
_c1961.
300 _a1959 ; .
365 _a14.00
504 _a
942 _cBK
999 _c138
_d138